000 00429nam a2200169Ia 4500
005 20250508151708.0
008 008 250505s9999 xx 000 0 eng d
037 _aBooks to be hide in OPAC
040 _aFEDL
_beng
_cFEDL
041 _aeng
_2eng
084 _a000, HOW/O
_qFEDL
100 _aHoward Ethel K
_9759764
245 0 _aCoal
300 _a31p.
942 _cHB
_h000, HOW/O
999 _c1331486
_d1331486